1666 1751 1845 1892 1336 1169 1539 1350 1428 1463 1608 1583 1355 1248 1019 1361 1480 1683 1992 1445 1287 1612 1139 1035 1079 1766 1386 1368 1730 1242 1411 1434 1715 1216 1690 1033 1275 1805 1607 1984 1340 1374 1097 1468 1357 1576 1314 1660 1125 1735 1537 1794 1413 1227 1439 1707 1960 1505 1822 1883 1684 1948 1468 1026 1483 1409 1529 1833 1802 1962 1270 1020 1749 1285 1499 1750 1628 1181 1305 1689 1969 1809 1302 1438 1701 1345 1068 1200 1891 1387 1654 1573 1835 1377 1961 1929 1165 1426 1378 BCNSPRNW ULIB Ver.6.0+V

เปลี่ยนเป็นภาษาไทย

Change to English
 แสดงรายละเอียดบรรณานุกรม
  กลับหน้าหลัก

Brief Record : Get Marc (ISO 2709) : E-mail record : QR code < ปิดหน้าต่าง
LEADER : 00000nam 2200000uu 4500
001    13399122980
003     ULIB
008    131119s2556||||th 000 0 tha d
060  4 WM274^bส179
245 00 ^aสถานการณ์การบริโภคเครื่องดื่มแอลกอฮอล์และผลกระทบในประเทศไทย ปี 2556 /^cบรรณาธิการ ทักษพล ธรรมรังสี
250    ^aพิมพ์ครั้งที่ 1
260    ^aนนทบุรี :^bศูนย์วิจัยปัญหาสุรา สำนักงานพัฒนานโยบายสุขภาพระหว่างประเทศ กระทรวงสาธารณสุข,^c2556
300    ^a228 หน้า :^bภาพประกอบ ;^c30 ซม.
505 0  ^aบทที่ 1 สถานการณ์การบริโภคเครื่องดื่มแอลกอฮอล์ของไทย -- บทที่ 2 ปัจจัยสภาพแวดล้อม -- บทที่ 3 ผลกระทบจากการบริโภคเครื่องดื่มแอลกอฮอล์ -- บทที่ 4 นโยบายแอลกอฮอล์.
536    ^aสนับสนุนโดย สำนักงานกองทุนสนับสนุนการสร้างเสริมสุขภาพ (สสส.)
650  0 ^aDrinking of alcoholic beverages
650  0 ^aAlcoholic beverages
650  0 ^aDrinking and traffic accidents
650  4 ^aการดื่มเครื่องดื่มที่มีแอลกอฮอล์
650  4 ^aเครื่องดื่มที่มีแอลกอฮอล์
650  4 ^aคนดื่มสุรา
650  4 ^aการดื่มสุรากับอุบัติเหตุทางถนน
700 0  ^aทักษพล ธรรมรังสี,^eบรรณาธิการ
710 2  ^aสำนักงานกองทุนสนับสนุนการสร้างเสริมสุขภาพ
710 2  ^aสำนักงานพัฒนานโยบายสุขภาพระหว่างประเทศ. ^bศูนย์วิจัยปัญหาสุรา
945    ^p0^l0^i034180
945    ^p0^l0^i034181
999    ^aเกษร โพธิ์สุวรรณ
รายการนี้ยังไม่มีแท็ก
คุณยังไม่ได้ล็อกอิน คุณสามารถมีกิจกรรมร่วมกับเว็บไซต์ได้ แต่ต้องล็อกอินก่อน ::
  ล็อกอิน

รายการสื่อสารสนเทศ

ลำดับที่ ประเภท เลขเรียก/บาร์โค้ด สถานที่ สถานะ
1. วิทยาศาสตร์การแพทย์ และสุขภาพ
หนังสือสำรอง
สถานะ=หนังสือสำรอง
WM274 ส179 ฉ.1 
  Barcode: 034180
ห้องสมุดวิทยาเขตสวรรค์ประชารักษ์
►ส่วนจัดเก็บหนังสือเก่า สปร
บนชั้น
  ขอยืม
2. วิทยาศาสตร์การแพทย์ และสุขภาพ
วิทยาศาสตร์การแพทย์ และสุขภาพ
WM274 ส179 ฉ.2 
  Barcode: 034181
ห้องสมุดวิทยาเขตสวรรค์ประชารักษ์
►ส่วนจัดเก็บหนังสือเก่า สปร
บนชั้น
  ขอยืม

รายการใกล้เคียง
    หัวเรื่อง [Alcoholic beverages]
    หัวเรื่อง [การดื่มเครื่องดื่มที่มีแอลกอฮอล์]
    หัวเรื่อง [เครื่องดื่มที่มีแอลกอฮอล์]
    หัวเรื่อง [คนดื่มสุรา]

BibComment


ยังไม่เคยถูกคอมเมนท์

คอมเมนท์ทรัพยากรรายการนี้
  คอมเมนท์: สถานการณ์การบริโ..


 Copyright 2026. Bcnsprnw @Library